000
00297nam a2200121Ia 4500
008
150201s2011 xx 000 0 und d
082
_a
658
_b
RAN
100
_a
Renu Rana
245
_a
Fundamentals of management
260
_b
S.K. Kataria & SONS
_a
N.Delhi
_c
2011
300
_a
195p.
942
_2
ddc
_c
BK
999
_c
5380
_d
5380